00721nam a2200193 i 450000100060000000300090000600500170001500700030003200800410003510000520007624500810012826000700020930000380027965000300031765000220034785200210036999900170039095201200040770481ES-MaACL20231227185620.0t|040726s1948 sp ||||1| spa d1 aGarcía Valdecasas, Alfonso,d1904-199395535413aEl hidalgo y el honor / cAlfonso García Valdecasas y García Valdecasas. aMadrid : bRevista de Occidente, c[1948] (fVda. de Galo Sáez) a253 p., 8 h. de lám. ; c19 cm. 4aHonor-zEspaña.9171930 4aHidalgos.9171931 aES-MaACLjC-5602 c70481d70481 00104070aATENEOMbATENEOMcSPALd2008-01-17eSCl0oC-5602p1073803r2023-02-23 00:00:00w2023-02-23yMONOGRAFIA